000 00488nam a2200157 i 4500
001 64964
003 ES-MaACL
007 t|
008 040107s1936 ag ||||1| spa d
100 1 _aFox, Eduardo A.
_952021
245 1 0 _aGinecología operatoria
_b: indicaciones y técnica /
_cEduardo A. Fox, José A. Ibarbia.
260 _aBuenos Aires :
_bAniceto López,
_c1936.
300 _a447 p. :
_bil. ;
_c27 cm.
700 1 _aIbarbia, José A.
_964945
852 _aES-MaACL
_jE-70
_bR.21641
999 _c64964
_d64964